Регионална библиотека "Любен Каравелов" - Русе

Пръстенът на нибелунга (Запис номер 206953)

MARC детайли
000 -Лидер
Контролно поле с фиксирана дължина 01446nam a2200349 c 4500
003 - Код на организацията, давaща контролен номер
Контролно поле BLK
005 - Дата и час на последна редакция
Контролно поле 20241120144702.0
008 - Елементи от данни с фиксирана дължина
fixed length control field 180411b bul|||||r ||||||| ||bul||
010 ## - Наследен системен номер
LC control number KNG00216704000
020 ## - Международен стандартен номер на книга ISBN
Международен стандартен номер на книга ISBN 978-954-474-787-9
040 ## - Източник на каталожния запис
Идентификатор на билиотеката - собственик на записа BLK
041 ## - Код за език
Код за езика на текст/звукозапис или на отделно заглавие Български
Код за езика КДБФ Български
080 ## - УДК
Текстов определител УДК Немска литература
УДК код - определител по УДК 821.112.2
УДК определител -93-91
УДК - код + определител 821.112.2-93-91
139 ## - Редно поле
Редна дума Пръстенът на нибелунга
Авторски знак Прот - П 92
245 10 - Сведения за заглавието
Заглавие Пръстенът на нибелунга
Подзаглавни данни Кн. 1 -
Редно поле (дума) по либретото на Рихард Вагнер; текст Елена Павлова; ил. Петър Георгиев Станимиров.
Том Кн. 4
Заглавие на том Залезът на Боговете
257 ## - Страна на издаване
Страна на създаване/издаване Германия
260 ## - Област на издателските данни
Година на издаване 2014 -
Печатница За том: София : Симолини-94
300 ## - Физическа характеристика
Размери/Мащаб 31 см
380 ## - Жанр
Жанр Детска худож. лит.
653 ## - Ключова дума – ненормативна
Ключова дума адаптирани книги
700 1# - Други автори (авторска отговорност)
Лично име Павлова, Елена
Автороска отговорност (Описва отношението между автора и произведението) текст
9 (RLIN) 365123
700 1# - Други автори (авторска отговорност)
Лично име Станимиров, Петър Георгиев
Автороска отговорност (Описва отношението между автора и произведението) ил.
9 (RLIN) 379033
700 1# - Други автори (авторска отговорност)
Лично име Вагнер, Рихард
Автороска отговорност (Описва отношението между автора и произведението) по либретото на
9 (RLIN) 44950
760 1# - Описание на основната серия
Място на издаване, издател и година Кибеа, 2017
Страници - том 136 с. : с цв. ил.
Заглавие Кн. 4 Залезът на Боговете
852 ## - Местоположение
Форматна сигнатура Цб ІІ 20385
Систематично-азбучна сигнатура ДХ 820/899/П 92
856 4# - Електронен адрес и достъп
Електронен формат pdf - файл
856 4# - Електронен адрес и достъп
Електронен формат pdf - файл
999 ## - СИСТЕМНИ КОНТРОЛНИ НОМЕРА
Koha biblionumber 206953
Koha biblioitemnumber 206953
942 ## - АРТИКУЛИ
Вид на библиотечния материал Книги
Скрит в OPAC Не
Koha issues (borrowed), all copies 8
944 ## - СЪЗДАВАНЕ И РЕДАКЦИЯ на ЗАПИСА
Създаване/Редакция Създаване
Дата на регистрацията/редакция 08.03.2018
Служител, извършил регистрацията/редакцията 30537
Статус, дата на статуса Грета Цуфелде
944 ## - СЪЗДАВАНЕ И РЕДАКЦИЯ на ЗАПИСА
Създаване/Редакция Редакция
Дата на регистрацията/редакция 14.03.2018
Служител, извършил регистрацията/редакцията Геновева_Генчева
999 ## - СИСТЕМНИ КОНТРОЛНИ НОМЕРА
Koha biblioitemnumber 206953
Наличности
Код за отписване Код за изгубен артикул Източник на класификационната схема Код за повреда Коз за рестрикции Код за отдаване Артикулен № Име на библиотеката - собственик Име на библиотеката, в която се намира в момента Статус (Текущо местоположение) Дата на вписване в системата Местоположение - отдел Цена в лева Инвентарен номер Систематично азбучна сигнатура Баркод Номер на екземпляра Цена в евро Служебна бележка Служебен тип на артикула
  Не е изгубен Universal Decimal Classification Не е повреден без рестрикции ползва се в читалня 356776 Регионална библиотека "Любен Каравелов" Русе Регионална библиотека "Любен Каравелов" Русе Хранилище 2018-03-01 Хранилище 0.01 120000819890 Цб ІІ 20385 120000819890 1 0.01 Дост: Dp Вид: Д N: 3 Дата: 10.02.2018 Книги
  Не е изгубен Universal Decimal Classification Не е повреден без рестрикции заемане за дома 687929 Регионална библиотека "Любен Каравелов" Русе Регионална библиотека "Любен Каравелов" Русе Детски отдел 2019-01-02 Детски отдел 39.00   ДХ 820/899/П 92 120000828975   19.94   Книги
  Не е изгубен Universal Decimal Classification Не е повреден без рестрикции заемане за дома 858970 Регионална библиотека "Любен Каравелов" Русе Регионална библиотека "Любен Каравелов" Русе Детски отдел 2021-10-27 Детски отдел 39.00   821.163.2-93/П 92 120000861353   19.94   Книги
Vip Innovations Ltd, Rousse, Bulgaria 2025